000 00720nam a2200217Ia 4500
001 1741
003 GE_BSU
008 181216s||||||||xx |||||||||||||| ||und||
040 _cGE_BSU
080 _a004.8(075.8)
100 _aЗаварикин,В.М. Житомирский,В.Г. Лапчик,М.П.
245 _aОсновы информатики и вычислительной техники
245 _bУчебное пособие для студ.
260 _aМосква
260 _b,,Просвещение
260 _c1989
300 _a206стр. 21см.
541 _h8л.
653 _aОсновы информатики и вычислительной техники
942 _cBK
999 _c35850
_d35850